000 00614nam a2200205Ia 4500
005 20250508163911.0
008 008 250505s9999 xx 000 0 hin d
037 _aTextBook
040 _aFEDL
_beng
_cFEDL
041 _ahin
_2eng
084 _a909.82, DUT/R
_qFEDL
100 _aDutt Rajni Pam
_9761789
245 0 _aVishv ka rajnitik paridarshya (1918-36) : 1960 tak ki mukhya pravrattiyon ke vivechan sahit
260 _aDelhi, India
_bGranth Shilpi
_c2002
300 _a277p.
365 _aINR
_b375
650 _aWorld history
942 _cTB
_h909.82, DUT/R
999 _c1385867
_d1385867